Electronics for guitarists / (Record no. 171882)

MARC details
000 -LEADER
fixed length control field 00892cam a2200277 i 4500
001 - CONTROL NUMBER
control field 1338680804
003 - CONTROL NUMBER IDENTIFIER
control field OSt
005 - DATE AND TIME OF LATEST TRANSACTION
control field 20250612085634.0
008 - FIXED-LENGTH DATA ELEMENTS--GENERAL INFORMATION
fixed length control field 220715s2022 sz a 001 0 eng d
020 ## - INTERNATIONAL STANDARD BOOK NUMBER
International Standard Book Number 9783031107573 (hardcover)
040 ## - CATALOGING SOURCE
Original cataloging agency UKMGB
Language of cataloging eng
Description conventions rda
Transcribing agency UKMGB
Modifying agency NUST
050 #4 - LIBRARY OF CONGRESS CALL NUMBER
Classification number TK7871.2 DAI
100 1# - MAIN ENTRY--PERSONAL NAME
Personal name Dailey, Denton J
Relator term Author
245 10 - TITLE STATEMENT
Title Electronics for guitarists /
Statement of responsibility, etc. Denton J. Dailey.
250 ## - EDITION STATEMENT
Edition statement Third Edition.
260 ## - PUBLICATION, DISTRIBUTION, ETC.
Place of publication, distribution, etc. Cham :
Name of publisher, distributor, etc. Springer,
Date of publication, distribution, etc. ©2022.
300 ## - PHYSICAL DESCRIPTION
Extent xxxii, 485 pages :
Other physical details Illustrations ;
Dimensions 24 cm.
336 ## - CONTENT TYPE
Content type term text
Content type code txt
Source rdacontent
337 ## - MEDIA TYPE
Media type term unmediated
Media type code n
Source rdamedia
338 ## - CARRIER TYPE
Carrier type term volume
Carrier type code nc
Source rdacarrier
504 ## - BIBLIOGRAPHY, ETC. NOTE
Bibliography, etc. note Includes index.
650 #0 - SUBJECT ADDED ENTRY--TOPICAL TERM
Form subdivision Electric circuits.
650 #0 - SUBJECT ADDED ENTRY--TOPICAL TERM
Form subdivision Amplifiers (Electronics).
650 #0 - SUBJECT ADDED ENTRY--TOPICAL TERM
Form subdivision Electric guitar --Construction.
942 ## - ADDED ENTRY ELEMENTS (KOHA)
Source of classification or shelving scheme Library of Congress Classification
Koha item type Ordinary Loan Books
Edition Third Edition.
Classification part TK7871.2 DAI
Call number prefix TK
Call number suffix DAI
Suppress in OPAC No
Holdings
Withdrawn status Lost status Source of classification or shelving scheme Damaged status Not for loan Collection Home library Current library Shelving location Date acquired Source of acquisition Cost, normal purchase price Total Checkouts Full call number Barcode Date last seen Accession number Cost, replacement price Price effective from Koha item type Public note
    LCC     NFIC MAIN MAIN GEN 05/29/2025 Book Aid International 39.00   TK7871.2 DAI 92004054361 05/29/2025 61554 39.00 05/29/2025 BOOKS Donation